[Event "2020 Australian Chess Championship"]
[Site "Sydney, Australia"]
[Date "2020.01.12"]
[Round "10.7"]
[White "Kargosha, Bahman"]
[Black "Huynh, Arthur"]
[Result "0-1"]
[WhiteElo "2101"]
[BlackElo "2136"]

1. d4 {[%clk 01:30:57]} {[%emt 00:00:02]} Nf6 {[%clk 01:30:46]} {[%emt
00:00:14]} 2. c4 {[%clk 01:31:20]} {[%emt 00:00:07]} e6 {[%clk 01:31:09]}
{[%emt 00:00:07]} 3. Nc3 {[%clk 01:31:40]} {[%emt 00:00:10]} Bb4 {[%clk
01:31:23]} {[%emt 00:00:15]} 4. e3 {[%clk 01:32:01]} {[%emt 00:00:10]} O-O
{[%clk 01:31:14]} {[%emt 00:00:38]} 5. Bd3 {[%clk 01:32:26]} {[%emt 00:00:05]}
d5 {[%clk 01:30:13]} {[%emt 00:01:31]} 6. Nf3 {[%clk 01:32:51]} {[%emt
00:00:06]} b6 {[%clk 01:28:09]} {[%emt 00:02:35]} 7. a3 {[%clk 01:33:15]}
{[%emt 00:00:06]} Bxc3+ {[%clk 01:27:33]} {[%emt 00:01:05]} 8. bxc3 {[%clk
01:33:41]} {[%emt 00:00:05]} Ba6 {[%clk 01:19:58]} {[%emt 00:08:05]} 9. cxd5
{[%clk 01:34:03]} {[%emt 00:00:08]} Bxd3 {[%clk 01:20:16]} {[%emt 00:00:12]} 10.
Qxd3 {[%clk 01:34:28]} {[%emt 00:00:04]} exd5 {[%clk 01:19:04]} {[%emt
00:01:42]} 11. c4 {[%clk 01:34:52]} {[%emt 00:00:07]} c5 {[%clk 01:16:31]}
{[%emt 00:03:03]} 12. dxc5 {[%clk 01:28:38]} {[%emt 00:06:44]} bxc5 {[%clk
01:11:59]} {[%emt 00:05:02]} 13. O-O {[%clk 01:28:25]} {[%emt 00:00:43]} dxc4
{[%clk 01:10:20]} {[%emt 00:02:09]} 14. Qxc4 {[%clk 01:28:16]} {[%emt
00:00:39]} Nbd7 {[%clk 01:10:17]} {[%emt 00:00:33]} 15. Bb2 {[%clk 01:25:26]}
{[%emt 00:03:19]} Qe7 {[%clk 01:05:17]} {[%emt 00:05:29]} 16. Rac1 {[%clk
01:23:13]} {[%emt 00:02:44]} Rfc8 {[%clk 01:04:04]} {[%emt 00:01:44]} 17. Rfd1
{[%clk 01:22:12]} {[%emt 00:01:31]} h6 {[%clk 01:01:11]} {[%emt 00:03:22]} 18.
Rc2 {[%clk 00:59:11]} {[%emt 00:23:31]} Nb6 {[%clk 00:53:47]} {[%emt 00:07:55]}
19. Qh4 {[%clk 00:58:24]} {[%emt 00:01:16]} Rd8 {[%clk 00:53:23]} {[%emt
00:00:55]} 20. Rdc1 {[%clk 00:54:26]} {[%emt 00:04:28]} Nbd7 {[%clk 00:50:32]}
{[%emt 00:03:21]} 21. Nd2 {[%clk 00:47:08]} {[%emt 00:07:49]} Rab8 {[%clk
00:44:25]} {[%emt 00:06:38]} 22. h3 {[%clk 00:44:20]} {[%emt 00:03:18]} Qe6
{[%clk 00:42:54]} {[%emt 00:02:01]} 23. Nc4 {[%clk 00:40:16]} {[%emt 00:04:34]}
Rb5 {[%clk 00:37:39]} {[%emt 00:05:45]} 24. Rd2 {[%clk 00:32:45]} {[%emt
00:08:01]} Rdb8 {[%clk 00:35:46]} {[%emt 00:02:23]} 25. Rd6 {[%clk 00:30:41]}
{[%emt 00:02:35]} Qe8 {[%clk 00:30:11]} {[%emt 00:06:04]} 26. Bxf6 {[%clk
00:27:22]} {[%emt 00:03:49]} Nxf6 {[%clk 00:30:12]} {[%emt 00:00:29]} 27. Rxf6
{[%clk 00:27:26]} {[%emt 00:00:26]} Rb1 {[%clk 00:28:39]} {[%emt 00:02:02]} 28.
Rxb1 {[%clk 00:25:47]} {[%emt 00:02:09]} Rxb1+ {[%clk 00:29:03]} {[%emt
00:00:07]} 29. Kh2 {[%clk 00:26:09]} {[%emt 00:00:08]} gxf6 {[%clk 00:29:13]}
{[%emt 00:00:20]} 30. Qxf6 {[%clk 00:24:40]} {[%emt 00:01:59]} Qe6 {[%clk
00:26:02]} {[%emt 00:03:41]} 31. Qf4 {[%clk 00:24:19]} {[%emt 00:00:51]} Rc1
{[%clk 00:24:46]} {[%emt 00:01:47]} 32. Nd6 {[%clk 00:16:00]} {[%emt 00:08:48]}
c4 {[%clk 00:19:17]} {[%emt 00:06:00]} 33. e4 {[%clk 00:14:17]} {[%emt
00:02:13]} Re1 {[%clk 00:11:54]} {[%emt 00:07:53]} 34. f3 {[%clk 00:14:22]}
{[%emt 00:00:25]} Rd1 {[%clk 00:07:17]} {[%emt 00:05:08]} 35. Nf5 {[%clk
00:11:23]} {[%emt 00:03:28]} Kh7 {[%clk 00:07:19]} {[%emt 00:00:28]} 36. Ne3
{[%clk 00:10:41]} {[%emt 00:01:13]} Rd3 {[%clk 00:06:10]} {[%emt 00:01:38]} 37.
Ng4 {[%clk 00:09:04]} {[%emt 00:02:07]} c3 {[%clk 00:03:06]} {[%emt 00:03:35]}
38. Nf6+ {[%clk 00:08:50]} {[%emt 00:00:43]} Kg6 {[%clk 00:02:59]} {[%emt
00:00:37]} 39. Ng4 {[%clk 00:08:47]} {[%emt 00:00:32]} Kg7 {[%clk 00:03:14]}
{[%emt 00:00:15]} 40. Qg3 {[%clk 00:03:14]} {[%emt 00:06:03]} Kh7 {[%clk
00:02:25]} {[%emt 00:01:19]} 41. Ne5 {[%clk 00:22:44]} {[%emt 00:11:00]} Rd1
{[%clk 00:30:50]} {[%emt 00:02:06]} 42. f4 {[%clk 00:21:51]} {[%emt 00:01:23]}
c2 {[%clk 00:30:33]} {[%emt 00:00:47]} 43. f5 {[%clk 00:21:23]} {[%emt
00:00:57]} Qxe5 {[%clk 00:29:50]} {[%emt 00:01:13]} 44. Qxe5 {[%clk 00:21:42]}
{[%emt 00:00:11]} c1=Q {[%clk 00:30:06]} {[%emt 00:00:14]} 0-1

[Event "2020 Australian Chess Championship"]
[Site "Sydney, Australia"]
[Date "2020.01.12"]
[Round "10.8"]
[White "Bayaca, Sterling"]
[Black "Lo, Willis"]
[Result "1/2-1/2"]
[WhiteElo "1994"]
[BlackElo "2108"]

1. e4 {[%clk 01:30:57]} {[%emt 00:00:02]} e5 {[%clk 01:30:46]} {[%emt
00:00:14]} 2. Nf3 {[%clk 01:31:13]} {[%emt 00:00:13]} Nc6 {[%clk 01:31:08]}
{[%emt 00:00:08]} 3. Bb5 {[%clk 01:31:28]} {[%emt 00:00:15]} a6 {[%clk
01:31:26]} {[%emt 00:00:12]} 4. Ba4 {[%clk 01:31:55]} {[%emt 00:00:03]} Nf6
{[%clk 01:31:44]} {[%emt 00:00:12]} 5. O-O {[%clk 01:32:14]} {[%emt 00:00:11]}
Be7 {[%clk 01:32:06]} {[%emt 00:00:08]} 6. d3 {[%clk 01:32:36]} {[%emt
00:00:08]} b5 {[%clk 01:30:03]} {[%emt 00:02:34]} 7. Bb3 {[%clk 01:33:04]}
{[%emt 00:00:02]} d6 {[%clk 01:30:22]} {[%emt 00:00:11]} 8. a4 {[%clk
01:33:27]} {[%emt 00:00:07]} b4 {[%clk 01:27:12]} {[%emt 00:03:40]} 9. a5
{[%clk 01:33:32]} {[%emt 00:00:25]} O-O {[%clk 01:27:13]} {[%emt 00:00:29]} 10.
Nbd2 {[%clk 01:33:17]} {[%emt 00:00:45]} Rb8 {[%clk 01:16:58]} {[%emt
00:10:45]} 11. Nc4 {[%clk 01:28:28]} {[%emt 00:05:19]} Bg4 {[%clk 01:14:50]}
{[%emt 00:02:39]} 12. Be3 {[%clk 01:28:19]} {[%emt 00:00:38]} Qc8 {[%clk
00:56:04]} {[%emt 00:19:17]} 13. h3 {[%clk 01:22:50]} {[%emt 00:05:58]} Bh5
{[%clk 00:48:41]} {[%emt 00:07:53]} 14. Re1 {[%clk 01:14:00]} {[%emt 00:09:20]}
Rd8 {[%clk 00:43:33]} {[%emt 00:05:39]} 15. Ba4 {[%clk 01:06:32]} {[%emt
00:07:58]} Nd4 {[%clk 00:39:28]} {[%emt 00:04:35]} 16. Bxd4 {[%clk 01:05:50]}
{[%emt 00:01:12]} exd4 {[%clk 00:39:50]} {[%emt 00:00:07]} 17. Bc6 {[%clk
01:06:17]} {[%emt 00:00:04]} Bf8 {[%clk 00:32:44]} {[%emt 00:07:38]} 18. Ncd2
{[%clk 01:01:05]} {[%emt 00:05:41]} g5 {[%clk 00:27:36]} {[%emt 00:05:38]} 19.
Qc1 {[%clk 00:54:51]} {[%emt 00:06:45]} g4 {[%clk 00:24:44]} {[%emt 00:03:21]}
20. hxg4 {[%clk 00:49:23]} {[%emt 00:05:58]} Qxg4 {[%clk 00:25:04]} {[%emt
00:00:09]} 21. Nxd4 {[%clk 00:48:40]} {[%emt 00:01:13]} Bh6 {[%clk 00:25:24]}
{[%emt 00:00:11]} 22. Nf5 {[%clk 00:29:16]} {[%emt 00:19:53]} Bf4 {[%clk
00:24:41]} {[%emt 00:01:14]} 23. Ne3 {[%clk 00:24:34]} {[%emt 00:05:12]} Qh4
{[%clk 00:21:56]} {[%emt 00:03:15]} 24. g3 {[%clk 00:20:43]} {[%emt 00:04:21]}
Qh3 {[%clk 00:10:30]} {[%emt 00:11:56]} 25. e5 {[%clk 00:08:27]} {[%emt
00:12:46]} Bxe3 {[%clk 00:09:27]} {[%emt 00:01:33]} 26. Rxe3 {[%clk 00:07:18]}
{[%emt 00:01:39]} Ng4 {[%clk 00:09:51]} {[%emt 00:00:06]} 27. Nf1 {[%clk
00:05:22]} {[%emt 00:02:25]} Nxe3 {[%clk 00:09:28]} {[%emt 00:00:52]} 28. Qxe3
{[%clk 00:04:59]} {[%emt 00:00:54]} Qf5 {[%clk 00:08:28]} {[%emt 00:01:31]} 29.
Re1 {[%clk 00:04:54]} {[%emt 00:00:35]} dxe5 {[%clk 00:06:30]} {[%emt
00:02:28]} 30. Qc5 {[%clk 00:04:19]} {[%emt 00:01:04]} f6 {[%clk 00:05:20]}
{[%emt 00:01:41]} 31. Ne3 {[%clk 00:04:19]} {[%emt 00:00:30]} Qh3 {[%clk
00:03:48]} {[%emt 00:02:02]} 32. Nd5 {[%clk 00:04:22]} {[%emt 00:00:26]} Qe6
{[%clk 00:03:11]} {[%emt 00:01:08]} 33. Nxc7 {[%clk 00:03:41]} {[%emt
00:01:11]} Qd6 {[%clk 00:03:27]} {[%emt 00:00:14]} 34. Nxa6 {[%clk 00:03:21]}
{[%emt 00:00:50]} Qxc5 {[%clk 00:03:08]} {[%emt 00:00:49]} 35. Nxc5 {[%clk
00:03:49]} {[%emt 00:00:02]} Rbc8 {[%clk 00:02:11]} {[%emt 00:01:27]} 36. Nb7
{[%clk 00:04:06]} {[%emt 00:00:13]} Rd4 {[%clk 00:02:24]} {[%emt 00:00:16]} 37.
Bg2 {[%clk 00:03:43]} {[%emt 00:00:54]} Bf7 {[%clk 00:02:22]} {[%emt 00:00:31]}
38. a6 {[%clk 00:03:11]} {[%emt 00:01:03]} b3 {[%clk 00:01:28]} {[%emt
00:01:24]} 39. cxb3 {[%clk 00:03:11]} {[%emt 00:00:31]} Bd5 {[%clk 00:01:21]}
{[%emt 00:00:37]} 40. Nd6 {[%clk 00:03:19]} {[%emt 00:00:21]} Ra8 {[%clk
00:00:35]} {[%emt 00:01:17]} 41. Nf5 {[%clk 00:02:54]} {[%emt 00:00:55]} Bxg2
{[%clk 00:00:52]} {[%emt 00:00:12]} 42. Nxd4 {[%clk 00:02:57]} {[%emt
00:00:28]} Bd5 {[%clk 00:01:15]} {[%emt 00:00:07]} 43. Nb5 {[%clk 00:01:53]}
{[%emt 00:01:33]} Rxa6 {[%clk 00:28:45]} {[%emt 00:03:00]} 44. Nc7 {[%clk
00:29:28]} {[%emt 00:02:55]} Rd6 {[%clk 00:29:10]} {[%emt 00:00:05]} 45. Nxd5
{[%clk 00:29:33]} {[%emt 00:00:25]} Rxd5 {[%clk 00:29:35]} {[%emt 00:00:05]} 46.
Rd1 {[%clk 00:29:11]} {[%emt 00:00:52]} Rb5 {[%clk 00:28:09]} {[%emt 00:01:56]}
47. Rd2 {[%clk 00:27:54]} {[%emt 00:01:46]} Rxb3 {[%clk 00:28:28]} {[%emt
00:00:12]} 48. Kg2 {[%clk 00:24:34]} {[%emt 00:03:50]} Kf7 {[%clk 00:28:02]}
{[%emt 00:00:56]} 49. Kf3 {[%clk 00:21:25]} {[%emt 00:03:38]} h5 {[%clk
00:27:13]} {[%emt 00:01:20]} 50. Kg2 {[%clk 00:20:54]} {[%emt 00:01:01]} Kg6
{[%clk 00:26:21]} {[%emt 00:01:23]} 51. Kh3 {[%clk 00:20:24]} {[%emt 00:00:59]}
Kg5 {[%clk 00:26:29]} {[%emt 00:00:22]} 52. d4 {[%clk 00:17:18]} {[%emt
00:03:36]} exd4 {[%clk 00:26:10]} {[%emt 00:00:50]} 53. Rxd4 {[%clk 00:17:12]}
{[%emt 00:00:35]} 1/2-1/2

[Event "2020 Australian Chess Championship"]
[Site "Sydney, Australia"]
[Date "2020.01.12"]
[Round "10.9"]
[White "Nakauchi, Gene"]
[Black "Ng, Clive"]
[Result "0-1"]
[WhiteElo "2150"]
[BlackElo "2061"]

1. d4 Nf6 2. c4 g6 3. g3 Bg7 4. Bg2 O-O 5. Nf3 d6 6. O-O Nc6 7. Nc3 a6 8. d5
Na5 9. b3 c5 10. Bb2 Rb8 11. Re1 b5 12. cxb5 axb5 13. e4 b4 14. Na4 Bd7 15. e5
Ne8 16. exd6 exd6 17. Bxg7 Nxg7 18. Nb2 Bg4 19. h3 Bxf3 20. Qxf3 Nf5 21. Rad1
Re8 22. Re4 Rxe4 23. Qxe4 Qe8 24. Qf4 Qe7 25. Nd3 Nd4 26. Kh2 Ne2 27. Qh6 Qf8
28. Qg5 Re8 29. Nxc5 f6 30. Qg4 dxc5 31. d6 f5 32. Qh4 Nc3 33. Rd3 Ne4 34. d7
Rd8 35. Bxe4 fxe4 36. Rd1 Nc6 37. Qxe4 Nd4 38. Kg2 Rxd7 39. h4 Qe7 40. Qg4 Qd6
41. h5 Qd5+ 42. f3 Kg7 43. hxg6 hxg6 44. Rf1 Rf7 45. Qe4 Qxe4 46. fxe4 Rxf1 47.
Kxf1 Kf6 48. Kf2 Ke5 49. Ke3 Ne6 0-1

[Event "2020 Australian Chess Championship"]
[Site "Sydney, Australia"]
[Date "2020.01.12"]
[Round "10.10"]
[White "Plant, John Stuart"]
[Black "Parle, Hughston"]
[Result "0-1"]
[WhiteElo "1993"]
[BlackElo "2057"]

1. b3 d6 2. Bb2 Nd7 3. e3 Ngf6 4. d4 e5 5. c4 c6 6. Nc3 Be7 7. Qc2 O-O 8. Nf3
Re8 9. Be2 Bf8 10. O-O a6 11. Nd2 b5 12. Bf3 Qb6 13. Nce4 Bb7 14. Nxf6+ Nxf6 15.
Rfc1 c5 16. d5 g6 17. g4 Bc8 18. g5 Nd7 19. Ne4 Qd8 20. Be2 bxc4 21. Bxc4 f5 22.
gxf6 Nxf6 23. Nxf6+ Qxf6 24. f4 Bg7 25. Qg2 Qh4 26. Qg3 Qh5 27. Qg5 exf4 28.
Qxh5 gxh5 29. Bxg7 Kxg7 30. exf4 Ra7 31. Re1 Rae7 32. Rxe7+ Rxe7 33. Kf2 Kf6 34.
Bd3 a5 35. Rg1 Rg7 36. Re1 Bd7 37. Kf3 Bg4+ 38. Kf2 Bd7 39. Re3 h4 40. a3 h6 41.
a4 Rg4 42. Kf3 h3 43. Bf1 Rg1 44. Kf2 Rh1 45. Rd3 Bf5 46. Re3 Rxh2+ 47. Kg1 Rd2
48. Bxh3 Rd3 49. Rxd3 Bxd3 50. Kf2 Bc2 51. Bd7 Bxb3 52. Bc6 Bc2 53. Ke3 h5 54.
Bd7 Bf5 55. Bb5 Bg4 56. Bd3 h4 57. Kf2 Bd1 58. Kg2 Bxa4 59. Kh3 Bb3 0-1